00293nam a2200109Ia 4500008004100000041000800041082001200049100002700061245004500088260002700133300002300160240624s9999 xx 000 0 und d aeng a650 ICF aICFAI KNOWLEDGE CENTER aCORPORATE GOVERNANCE AT GENERAL ELECTRIC c2003aHyderabadbICFAI a10 : p. : cm. ; 30